header

Tracing the earliest recorded concepts of international law (Record no. 81886)

MARC details
000 -LEADER
fixed length control field 01527nam a2200361 a 4500
082 04 - DEWEY DECIMAL CLASSIFICATION NUMBER
Classification number 341.0935
100 1# - MAIN ENTRY--AUTHOR NAME
Personal name Altman, Amnon,
245 10 - TITLE STATEMENT
Title Tracing the earliest recorded concepts of international law
260 ## - PUBLICATION, DISTRIBUTION, ETC. (IMPRINT)
Place of publication Leiden ;
-- Boston :
Name of publisher M. Nijhoff Publishers,
Year of publication 2012.
300 ## - PHYSICAL DESCRIPTION
Number of Pages xxvi, 254 p.
490 1# - SERIES STATEMENT
Series statement Legal history library. Studies in the history of international law,
650 #0 - SUBJECT ADDED ENTRY--TOPICAL TERM
Topical Term International law
Topical Term Law
Topical Term Law, Ancient.
856 40 - ELECTRONIC LOCATION AND ACCESS
Uniform Resource Identifier http://site.ebrary.com/lib/rucke/Doc?id=10569494

No items available.

© 2026 Rongo University
Contact us: librarian | system librarian | Rongo university